| LEADER | 01427nam a2200397 a 4500 | ||
|---|---|---|---|
| 001 | 000883022 | ||
| 003 | CZ BrMZK | ||
| 005 | 20160801080753.0 | ||
| 007 | ta | ||
| 008 | 080123s1999 xr abe e 000 0 cze | ||
| 020 | |q (Složený list) | ||
| 040 | |a BOA001 |b cze | ||
| 041 | 1 | |a cze |a eng |a ger |h cze | |
| 043 | |a e-xr--- |b e-xr-jm |2 czenas | ||
| 072 | 7 | |a 94(437) |x Dějiny Česka a Slovenska |2 Konspekt |9 8 | |
| 080 | |a 94(=411.16) |2 MRF | ||
| 080 | |a 904(=411.16) |2 MRF | ||
| 080 | |a 94(437.322) |2 MRF | ||
| 080 | |a (041) |2 MRF | ||
| 245 | 0 | 0 | |a Židovské památky Břeclavi = |b Jüdische Denkmäler in Lundenburg = Jewish monuments of Břeclav |
| 246 | 3 | 1 | |a Jüdische Denkmäler in Lundenburg |
| 246 | 3 | 1 | |a Jewish monuments of Břeclav |
| 246 | 3 | |a Zahrada Evropy | |
| 260 | |a Břeclav : |b TIC, |c [1999?] | ||
| 300 | |a [8] s. : |b barev. il., mapa, plán ; |c 42 x 30 cm, složeno na 21 x 15 cm | ||
| 500 | |a Pod názvem: Zahrada Evropy | ||
| 546 | |a Souběžný anglický a německý text | ||
| 650 | 0 | 7 | |a Židé |7 ph127782 |z Česko |2 czenas |
| 650 | 0 | 7 | |a Židé |7 ph127782 |x dějiny |2 czenas |
| 650 | 0 | 7 | |a židovské památky |7 ph135231 |z Česko |2 czenas |
| 651 | 7 | |a Břeclav (Česko) |7 ge128895 |x dějiny |2 czenas | |
| 655 | 7 | |a brožury |7 fd131925 |2 czenas | |
| 910 | |a BOA001 |b 2-1199.267 | ||
| 990 | |a BK | ||
| 991 | |b 200803 |c NOV | ||
| 996 | 6 | |b 2610335759 |c 2-1199.267 |l MZK |r Sklad / do 1 hodiny |n 1 |p p.v. |w 000883022 |u 000010 |a 1 |e BOA001 |j MZK50 |s P | |
English
Čeština 